Estudio de educación en sexualidad y afectividad en el mundo de la discapacidad intelectual: una mirada exploratoria
Guardat en:
| Autor corporatiu: | |
|---|---|
| Format: | Llibre |
| Idioma: | espanyol |
| Publicat: |
Santiago
MINEDUC
2006
|
| Edició: | 1a. ed |
| Matèries: | |
| Etiquetes: |
Afegir etiqueta
Sense etiquetes, Sigues el primer a etiquetar aquest registre!
|
MARC
| LEADER | 00000nam a2200000 a 4500 | ||
|---|---|---|---|
| 001 | UCI0757 | ||
| 003 | CL-VaPUC | ||
| 008 | 070525e20060000cl |||||||||||||||||spa|d | ||
| 082 | 0 | 4 | |a 371.92803 |b MIN |2 21 |
| 110 | 2 | |a Ministerio de Educación. División de Educación |e author |9 520947 | |
| 245 | 1 | 0 | |a Estudio de educación en sexualidad y afectividad en el mundo de la discapacidad intelectual: una mirada exploratoria |
| 250 | |a 1a. ed | ||
| 300 | |a 59 p | ||
| 942 | |c BK | ||
| 945 | |d 20070525 00:00:00 |a jtorresc | ||
| 260 | |a Santiago |b MINEDUC |c 2006 | ||
| 650 | 0 | |a Educación especial |9 307486 | |
| 650 | 7 | |a NIÑOS IMPEDIDOS MENTALMENTE |2 CL-VaPUC |9 307488 | |
| 650 | 0 | |a Educación sexual |9 308005 | |
| 650 | 0 | |a Niños |9 255605 | |
| 650 | 0 | |a Métodos de enseñanza |9 270413 | |
| 583 | |a last modification |c 20170726 05:44:12 |k Rodrigo Vera | ||
| 999 | |c 325801 |d 325799 | ||
| 952 | |0 0 |1 0 |4 0 |6 371_928030000000000_MIN_2006 |7 0 |8 A |9 407134 |a BIBEDU |b BIBEDU |d 2019-11-22 |i 4342755 |l 1 |o 371.92803 MIN 2006 |p 4342755 |r 2023-04-03 |s 2023-03-17 |w 2019-11-22 |y BK |k EDU | ||
| 952 | |0 0 |1 0 |4 0 |6 371_928030000000000_MIN_2006 |7 0 |8 A |9 407135 |a BIBEDU |b BIBEDU |d 2019-11-22 |i 4637992 |o 371.92803 MIN 2006 |p 4637992 |r 2019-11-22 |w 2019-11-22 |y BK |k EDI | ||